02101nam a2200517Ia 4500001000700000008004100007035001600048041000800064084001300072110006400085245022400149260006800373300003600441490003400477500028900511650003100800650003100831650003400862650002200896650001900918650003600937650003200973650002701005650003001032650002701062650003001089650003001119650003001149650002201179650001701201650002801218650002901246650001901275650002501294650001501319650001901334700004001353901000601393903000701399904000801406953003001414999001701444910000901461942000801470952010501478036491221003s2011 xx 000 0 spa d aCENDO_26513 aspa aCR-00604 aFUNDACION PAZ Y SOLIDARIDAD SERAFIN ALIAGAcEspaña915337 0a movimiento sindical andino :bautoreforma, integración y unidad /cFundación Paz y Solidaridad Serafín Aliaga ; localizaciones, guión, apoyo documental y selección de piezas Lorena Cabrerizo ... [et al.] a[S.l.] :bFundación Paz y Solidaridad Serafín Aliaga,c2011 a1 DVD (35 minutos) : son., col. aCrónicas audiovisuales ;v5 aDocumental. - Incluye un cuadernillo de 16 páginas: El movimiento sindical andino: autoreforma, integración y unidad; Visita al área andina; Integración regional y globalización; Autoreforma en las organizaciones sindicales andinas; La equidad de género en los sindicatos aSOLIDARIDAD SINDICAL93128 0aFUNCIONARIO SINDICAL91515 aRECONOCIMIENTO SINDICAL91164 aSINDICALISMO9189 aFORMACION9418 0aDERECHOS DE LOS TRABAJADORES94 aCONDICIONES DE TRABAJO9128 aDERECHOS SINDICALES95 aDESARROLLO ECONOMICO9561 aDESARROLLO SOCIAL9422 aAYUDA AL DESARROLLO92160 aCOOPERACION REGIONAL9619 aPAPEL DEL SINDICATO95120 aSINDICALISMO9189 aHISTORIA926 aPAIS EN DESARROLLO9442 aCONCERTACION SOCIAL9407 aSINDICATO9208 aAMERICA LATINA91230 aPERU93119 aCOLOMBIA915261 aCABRERIZO SANZ, Lorenaecol.923443 a2 aNO a000 d2013-04-25yDVDoCR-00604 c26512d26512 a2011 cDVD 00104070aCENDObCENDOd2013-04-25l0oCR-00604pCENDO_26513r2022-10-05 00:00:00w2022-10-05yDVD